1143 1947 1696 1148 1320 1221 1196 1541 1092 1331 1262 1291 1746 1543 1542 1716 1683 1341 1229 1223 1392 1601 1501 1514 1129 1877 1040 1515 1963 1620 1338 1189 1999 1399 1021 1777 1067 1002 1519 1162 1360 1039 1206 1186 1613 1674 1142 1972 1394 1369 1994 1829 1523 1629 1346 1691 1830 1107 1284 1204 1100 1848 1741 1384 1191 1551 1899 1245 1210 1464 1666 1263 1885 1532 1665 1066 1614 1009 1734 1490 1147 1109 1420 1468 1229 1187 1086 1391 1822 1140 1659 1253 1120 1628 1656 1780 1159 1849 1244 BCNSPRNW ULIB Ver.6.0+V

เปลี่ยนเป็นภาษาไทย

Change to English
 แสดงรายละเอียดบรรณานุกรม
  กลับหน้าหลัก

Brief Record : Get Marc (ISO 2709) : E-mail record : QR code < ปิดหน้าต่าง
LEADER : 00000nam 2200000uu 4500
001    13399111184
003     ULIB
008    110620s2546||||th 000 0 tha d
060 04 WL101^bม32ป 2546
100 0  มีชัย ศรีใส
245 10 ประสาทกายวิภาคศาสตร์ =^bNeuroanatomy /^cมีชัย ศรีใส
246 31 Neuroanatomy
250    พิมพ์ครั้งที่ 4
260    กรุงเทพฯ :^bภาควิชากายวิภาคศาสตร์ คณะแพทยศาสตร์จุฬาลงกรณ์มหาวิทยาลัย,^c2546
300    viii; 525 หน้า :^bภาพประกอบ ;^c27 ซม.
650  2 Neuroanatomy
650  7 ประสาทกายวิภาคศาสตร์
710 2  จุฬาลงกรณ์มหาวิทยาลัย. ^bคณะแพทยศาสตร์.^bภาควิชากายวิภาคศาสตร์
945    ^p390^l0^i14709
945    ^p390^l0^i14708
995    กัณชพร
999    ^aใช้งานได้ทุกระบบ
รายการนี้ยังไม่มีแท็ก
คุณยังไม่ได้ล็อกอิน คุณสามารถมีกิจกรรมร่วมกับเว็บไซต์ได้ แต่ต้องล็อกอินก่อน ::
  ล็อกอิน

รายการสื่อสารสนเทศ

ลำดับที่ ประเภท เลขเรียก/บาร์โค้ด สถานที่ สถานะ
1. วิทยาศาสตร์การแพทย์ และสุขภาพ
วิทยาศาสตร์การแพทย์ และสุขภาพ
WL101 ม32ป 2546 ฉ.2 
  Barcode: 14709
ห้องสมุดวิทยาเขตสวรรค์ประชารักษ์
►ส่วนจัดเก็บหนังสือเก่า สปร
บนชั้น
  ขอยืม

รายการใกล้เคียง
    หัวเรื่อง [Neuroanatomy]
    หัวเรื่อง [ประสาทกายวิภาคศาสตร์]

BibComment


ยังไม่เคยถูกคอมเมนท์

คอมเมนท์ทรัพยากรรายการนี้
  คอมเมนท์: ประสาทกายวิภาคศาส..


 Copyright 2026. Bcnsprnw @Library